El ingenioso hidalgo don Quijote de la Mancha / (Record no. 43557)

MARC details
000 -LEADER
campo de control de longitud fija 00848nam a2200229 i 4500
001 - NÚMERO DE CONTROL
campo de control 43557
003 - IDENTIFICADOR DE NÚMERO DE CONTROL
campo de control ES-MaACL
005 - FECHA Y HORA DE LA ÚLTIMA TRANSACCIÓN
campo de control 20240224062534.0
007 - CAMPO FIJO DE DESCRIPCIÓN FÍSICA--INFORMACIÓN GENERAL
campo de control de longitud fija t|
008 - DATOS DE LONGITUD FIJA--INFORMACIÓN GENERAL
campo de control de longitud fija 030318m18331839sp ||||1| spa d
080 ## - NÚMERO DE LA CLASIFICACIÓN DECIMAL UNIVERSAL
Número de la Clasificación Decimal Universal 821.134.2-31"15"
100 1# - ENTRADA PRINCIPAL--NOMBRE DE PERSONA
Nombre de persona Cervantes Saavedra, Miguel de,
Fechas asociadas al nombre 1547-1616
9 (RLIN) 226514
240 10 - TÍTULO UNIFORME
Título uniforme Don Quijote de la Mancha
245 13 - MENCIÓN DEL TÍTULO
Título El ingenioso hidalgo don Quijote de la Mancha /
Mención de responsabilidad, etc. compuesto por Miguel de Cervantes Saavedra ; y comentado por Diego Clemencín.
260 ## - PUBLICACIÓN, DISTRIBUCIÓN, ETC.
Lugar de publicación, distribución, etc. Madrid :
Nombre del editor, distribuidor, etc. [s.n.],
Fecha de publicación, distribución, etc. 1833-1839 (
Fabricante E. Aguado)
300 ## - DESCRIPCIÓN FÍSICA
Extensión 6 v. :
Otras características físicas il. ;
Dimensiones 21 cm.
530 ## - NOTA DISPONIBLE DE FORMULARIO FÍSICO ADICIONAL
Nota de formato físico adicional disponible Disponible en formato digital.
700 1# - ENTRADA AGREGADA--NOMBRE PERSONAL
Nombre de persona Clemencín, Diego.
9 (RLIN) 39172
852 ## - LOCALIZACIÓN
Ubicación ES-MaACL
Número de control de estantería R-2093-98. Olim: B-2019-24.
856 ## - LOCALIZACIÓN Y ACCESO ELECTRÓNICOS
Identificador Uniforme de Recursos <a href="http://bdh-rd.bne.es/viewer.vm?id=0000011421&page=1 ">http://bdh-rd.bne.es/viewer.vm?id=0000011421&page=1 </a>
Nota pública Biblioteca Digital Hispánica
Holdings
Estatus retirado Estado de pérdida Estado de daño No para préstamo Colección Biblioteca de origen Biblioteca actual Ubicación en estantería Fecha de adquisición Fuente de adquisición Total de préstamos Signatura topográfica completa Código de barras Visto por última vez Precio de reemplazo Tipo de ítem Koha
        Colección digital Biblioteca del Ateneo de Madrid Biblioteca del Ateneo de Madrid Depósito 17/01/2008     R-2093-98 1045852 23/02/2023 23/02/2023 Libro impreso antiguo